[Event "Politiken Cup"]
[Site "Helsingor DEN"]
[Date "2009.07.24"]
[Round "8"]
[White "Gandrud,V"]
[Black "Bruehl,A"]
[Result "1/2-1/2"]
[WhiteElo "2169"]
[BlackElo "2360"]

1.d4 d5 2.c4 c6 3.Nf3 Nf6 4.Nc3 e6 5.e3 Nbd7 6.Qc2 Bd6 7.b3 O-O 8.Be2 dxc4
9.bxc4 e5 10.O-O Re8 11.Rd1 e4 12.Nd2 Qe7 13.c5 Bc7 14.Ba3 Nf8 15.Rab1 Ng6
16.Nc4 Nh4 17.Nd6 Bxd6 18.cxd6 Qe6 19.d5 cxd5 20.Qb3 Nxg2 21.Nxd5 Nxd5 22.Qxd5 Qg6
23.Qh5 Nf4+ 24.Qxg6 Nxe2+ 25.Kf1 hxg6 26.d7 Bxd7 27.Rxd7 Nc3 28.Rbxb7 Rab8
29.Rxf7 Rxb7 30.Rxb7 Rd8 31.Rxa7 Rd1+ 32.Kg2 Ne2 33.f3 Rd2 34.fxe4 Nc3+ 35.Kf3 Rxh2
36.Bb4 Rxa2 37.Rxa2 Nxa2 38.Bd2 Kf7 39.Kg4 Ke6 40.Kg5  1/2-1/2

[Event "zt 3.3 w"]
[Site "Ho Chi Minh City VIE"]
[Date "2009.07.24"]
[Round "3"]
[White "Nguyen Thi Thanh An"]
[Black "Rivera,Dai"]
[Result "1-0"]
[WhiteElo "2330"]
[BlackElo "2087"]

1.d4 Nf6 2.Nf3 d5 3.c4 c6 4.e3 e6 5.Nc3 Nbd7 6.Qc2 dxc4 7.Bxc4 Nb6 8.Bd3 Nbd5
9.a3 Be7 10.O-O h6 11.e4 Nxc3 12.bxc3 Qc7 13.Qe2 O-O 14.e5 Nd5 15.c4 Nb6
16.Qe4 f5 17.exf6 Bxf6 18.Bf4 Qd8 19.Bxh6 Nxc4 20.Qh7+ Kf7 21.Qg6+ Ke7 22.Bxg7 Nd6
23.Bxf8+ Qxf8 24.Ne5 Qg7 25.f4 Bd7 26.Qxg7+ Bxg7 27.g4 Rg8 28.h3 Kd8 29.Kg2 Be8
30.Rac1 Nf5 31.Bxf5 exf5 32.Kg3 Bf8 33.Rc3 Bd6 34.Rb1 Kc7 35.Re1 Kd8 36.g5 Bh5
37.h4 Rg7 38.Nc4 Bc7 39.Re6 Rd7 40.Rh6 Bf7 41.Ne5 Bxe5 42.dxe5 Rd1 43.e6 Be8
44.Rh7 Kc8 45.h5 Re1 46.e7 b5 47.g6 Kd7 48.Rd3+ Kc7 49.g7 Rg1+ 50.Kf2 Rg4
51.Rg3 Rxf4+ 52.Kg1  1-0

[Event "Czech Open A"]
[Site "Pardubice CZE"]
[Date "2009.07.24"]
[Round "1"]
[White "Voloshin,L"]
[Black "Nemcova,Kat"]
[Result "1-0"]
[WhiteElo "2437"]
[BlackElo "2251"]

1.d4 d5 2.c4 c6 3.e3 Nf6 4.Nc3 e6 5.Nf3 Nbd7 6.Qc2 Bd6 7.Bd2 O-O 8.Be2 Re8
9.Rc1 a6 10.O-O h6 11.Rfd1 Qe7 12.Be1 Rb8 13.a3 dxc4 14.Bxc4 e5 15.Nh4 Nb6
16.Ng6 Qc7 17.dxe5 Nxc4 18.exd6 Nxd6 19.Nf4 Bf5 20.Qb3 Rbd8 21.f3 Rxe3 22.Bf2 Ree8
23.Bb6 Qe7 24.Bxd8 Qe3+ 25.Kh1 Rxd8 26.Qb4 g5 27.Nfe2 Bd3 28.Qd4 Qxd4 29.Nxd4 Bc4
30.Nf5 Bd5 31.Ne7+  1-0

[Event "ch-Euro Senior"]
[Site "Rogaska Slatina SLO"]
[Date "2009.07.24"]
[Round "3"]
[White "Shvedchikov,A"]
[Black "Mlynek,P"]
[Result "1-0"]
[WhiteElo "2396"]
[BlackElo "2205"]

1.c4 c6 2.Nf3 d5 3.d4 e6 4.e3 Nf6 5.Nc3 Nbd7 6.Qc2 a6 7.b3 Bd6 8.Bd3 O-O
9.O-O Qe7 10.Bb2 b5 11.a4 bxc4 12.bxc4 Bb7 13.e4 dxe4 14.Nxe4 Nxe4 15.Bxe4 Nf6
16.Bd3 h6 17.Rab1 Rab8 18.Rfe1 Qc7 19.Qe2 c5 20.d5 Rfe8 21.Bxf6 gxf6 22.Qe4 f5
23.Qh4 Kg7 24.Qh5 Qd8 25.Ne5 Bxe5 26.Rxe5 Qg5 27.Qxg5+ hxg5 28.dxe6 fxe6
29.Rxc5 Kf6 30.f3 Red8 31.Be2 Ba8 32.Rxb8 Rxb8 33.Rc7 Rb2 34.Kf1 Ra2 35.Rc8 Bb7
36.Rc7 Ba8 37.Ra7 Bc6 38.Rxa6 Bxa4 39.Kf2 Ke5 40.g3 f4 41.gxf4+ gxf4 42.h4 Bb3
43.Rxa2 Bxa2 44.Bd3 Bb3 45.h5 Kf6 46.h6 e5 47.c5  1-0

[Event "13th Battle of Senta Open A"]
[Site "Senta SRB"]
[Date "2009.07.24"]
[Round "8"]
[White "Dumic,M"]
[Black "Kulakov,V"]
[Result "0-1"]
[WhiteElo "2222"]
[BlackElo "2364"]

1.d4 d5 2.c4 c6 3.Nc3 Nf6 4.e3 e6 5.Nf3 Nbd7 6.b3 Bd6 7.Bd3 O-O 8.O-O b6
9.e4 dxe4 10.Nxe4 Nxe4 11.Bxe4 Bb7 12.Qe2 Qc7 13.Bb2 Rae8 14.Rfe1 f5 15.Bc2 c5
16.h3 Bxf3 17.Qxf3 cxd4 18.Bxd4 e5 19.Bxf5 exd4 20.Rxe8 Rxe8 21.Bxh7+ Kh8
22.Bg6 Re5 23.Qg4 Nf8 24.Bd3 Ne6 25.Rd1 Qe7 26.g3 Qf6 27.Kf1 Kg8 28.Re1 Nc5
29.Rxe5 Bxe5 30.Bg6 Ne6 31.b4 Bd6 32.a3 Kf8 33.Bf5 Ng5 34.Bd3 Ne6 35.Bf5 Ng5
36.Bd3 Qf3 37.Qxd4 Qd1+ 38.Kg2 Qf3+ 39.Kf1 Qd1+ 40.Kg2 Qg1+ 41.Kxg1 Nf3+
42.Kf1 Nxd4 43.Ke1 Ke7 44.Kd2 Ne6 45.Be4 Be5 46.Bd5 Kd6 47.Kd3 a5 48.Bxe6 Kxe6
49.Ke4 a4 50.f4 Bb2  0-1

[Event "13th Battle of Senta Open A"]
[Site "Senta SRB"]
[Date "2009.07.24"]
[Round "8"]
[White "Pantelic,Sa"]
[Black "Nadj Hedjesi,B"]
[Result "0-1"]
[WhiteElo "2303"]
[BlackElo "2463"]

1.d4 d5 2.c4 c6 3.Nc3 Nf6 4.e3 e6 5.Nf3 Nbd7 6.Bd3 Bd6 7.O-O dxc4 8.Bxc4 b5
9.Bb3 Bb7 10.e4 e5 11.d5 Nc5 12.dxc6 Bxc6 13.Bd5 Bxd5 14.exd5 b4 15.Na4 e4
16.Nd4 O-O 17.Nc6 Qd7 18.Bg5 Kh8 19.Bxf6 gxf6 20.Nxc5 Bxc5 21.Rc1 Bd6 22.Qd4 Qf5
23.Rfe1 Rae8 24.Rc4 e3 25.fxe3 Rg8 26.Qd1 Qh3  0-1

[Event "MTO"]
[Site "Biel SUI"]
[Date "2009.07.25"]
[Round "6"]
[White "Bauer,Ch"]
[Black "Piskov,Y"]
[Result "1/2-1/2"]
[WhiteElo "2602"]
[BlackElo "2448"]

1.Nf3 d5 2.c4 c6 3.e3 Nf6 4.Nc3 e6 5.d4 Nbd7 6.Qc2 Bb4 7.Bd3 O-O 8.O-O Qc7
9.Bd2 Be7 10.Rac1 Qb8 11.Rfe1 h6 12.h3 c5 13.cxd5 exd5 14.e4 cxd4 15.Nxd5 Nxd5
16.exd5 Bf6 17.Bb4 Rd8 18.Qe2 Nf8 19.Qe4 Bd7 20.Bxf8 Kxf8 21.Qh7 g6 22.Qxh6+ Bg7
23.Qg5 Qd6 24.Ne5 Bf5 25.Bxf5 Bxe5 26.Bxg6 Bf6 27.Qg4 Re8 28.Be4 Re5 29.Bf3 Rae8
30.Rxe5 Qxe5 31.g3 d3 32.Rd1 Qxb2 33.Kg2 Bd4 34.Rf1 Re1 35.Qc8+ Kg7 36.Qg4+ Kf8
37.Qc8+ Kg7 38.Qg4+  1/2-1/2

[Event "ZMD Open"]
[Site "Dresden GER"]
[Date "2009.07.25"]
[Round "1"]
[White "Ovsejevitsch,S"]
[Black "Thilaganathan,J"]
[Result "1-0"]
[WhiteElo "2583"]
[BlackElo "1899"]

1.d4 d5 2.c4 c6 3.e3 Nf6 4.Nc3 e6 5.Nf3 Nbd7 6.Bd3 Bd6 7.e4 dxe4 8.Nxe4 Nxe4
9.Bxe4 h6 10.O-O O-O 11.Bc2 Re8 12.Qd3 Nf8 13.Rd1 Qf6 14.Bd2 e5 15.dxe5 Bxe5
16.Nxe5 Rxe5 17.Bc3 Bf5 18.Bxe5 Bxd3 19.Bxf6 Bxc2 20.Rd8 Rxd8 21.Bxd8 Bd3
22.b3 Ng6 23.Ba5 b6 24.Bd2 Kf8 25.f3 Nh4 26.Kf2 h5 27.Bg5 Ng6 28.Rd1 Ne5
29.Bf4 Bc2 30.Rd2 Nd3+ 31.Ke3 Nxf4 32.Kxf4 Bb1 33.Kg5 Ke7 34.Kxh5 Ke6 35.Kg4 c5
36.Kf4 f6 37.h4 Ke7 38.g4 Ke6 39.h5 Ke7 40.Ke3 Ke8 41.f4 Ke7 42.f5  1-0

[Event "Politiken Cup"]
[Site "Helsingor DEN"]
[Date "2009.07.25"]
[Round "9"]
[White "Kragh,N"]
[Black "Matthiesen,A"]
[Result "0-1"]
[WhiteElo "2140"]
[BlackElo "2324"]

1.d4 d5 2.c4 c6 3.Nc3 Nf6 4.Nf3 e6 5.e3 Nbd7 6.Bd3 dxc4 7.Bxc4 b5 8.Bd3 Bd6
9.O-O O-O 10.a4 b4 11.Ne4 Nxe4 12.Bxe4 Bb7 13.a5 a6 14.Re1 f5 15.Bd3 c5 16.e4 cxd4
17.exf5 Bxf3 18.Qxf3 Ne5 19.Rxe5 Bxe5 20.Qe4 Qd5 21.fxe6 Qxe4 22.Bxe4 Rab8
23.Bd2 d3 24.Re1 Bd4 25.Bf3 Bxb2 26.e7 Rxf3 27.gxf3 Kf7 28.Bxb4 Ke8 29.Bd6 Rc8
30.Rd1 Rc1 31.Rf1 d2  0-1

[Event "zt 3.3"]
[Site "Ho Chi Minh City VIE"]
[Date "2009.07.25"]
[Round "4"]
[White "Nguyen Duc Hoa"]
[Black "Nguyen Huynh Minh Huy"]
[Result "0-1"]
[WhiteElo "2331"]
[BlackElo "2500"]

1.d4 d5 2.Nf3 Nf6 3.c4 c6 4.e3 e6 5.Nc3 Nbd7 6.Qc2 Bd6 7.g4 h6 8.cxd5 exd5
9.Rg1 Qe7 10.Bd3 b5 11.h4 b4 12.Na4 Bb7 13.b3 Rc8 14.Bb2 Ne4 15.Qe2 O-O 16.g5 h5
17.Nd2 g6 18.f4 c5 19.Nxe4 dxe4 20.Bc4 cxd4 21.Bxd4 Nc5 22.Nxc5 Bxc5 23.Bf6 Qd7
24.Rh1 Rfe8 25.Rd1 Qf5 26.Kf1 Be7 27.Ba1 Kh7 28.Qb2 Rg8 29.Qe5 Qg4 30.Re1 Qf3+
31.Kg1 Bc5 32.Bd4 Bxd4 33.Qxd4 Rgd8 34.Qf6 Rd7 35.Bxf7 Rc6 36.Bxg6+ Kg8 37.Bh7+ Kxh7
38.Qf5+ Kg8 39.Rh3 Rf7 40.Rxf3 Rxf5 41.Rf2 Ba6 42.a3 bxa3 43.Ra2 Ra5 44.Rea1 Bb5
45.b4 Ra4 46.Rxa3 Rxa3 47.Rxa3 a6 48.Kf2 Kf7 49.f5 Rc4 50.Kg3 Rxb4 51.Kf4 Rc4
52.Ra2 Rc5 53.Kxe4 a5 54.Kd4 Rxf5 55.Rxa5 Bd7 56.Ra7 Ke7 57.Ra6 Rf1 58.Ke5 Rf5+
59.Kd4 Be6 60.Ra7+ Kf8 61.e4 Rb5 62.g6 Bg4 63.e5 Rb6 64.Rf7+ Kg8 65.Rf6 Rxf6
66.exf6 Bf5 67.g7 Kf7 68.Ke5 Bh7 69.g8=Q+ Kxg8 70.Kf4 Bg6 71.Kg5 Bf7 72.Kf5 Kh7
73.Kg5 Be8 74.Kf5 Kh6 75.Ke6 Kg6 76.Ke7 Bf7 77.Kf8 Bc4  0-1

[Event "zt 3.3"]
[Site "Ho Chi Minh City VIE"]
[Date "2009.07.25"]
[Round "4"]
[White "Dao Thien Hai"]
[Black "Pham Chuong"]
[Result "1-0"]
[WhiteElo "2552"]
[BlackElo "2364"]

1.d4 d5 2.c4 c6 3.Nf3 Nf6 4.e3 e6 5.Nc3 Nbd7 6.Qc2 a6 7.b3 b6 8.Bd3 Bb7 9.O-O Be7
10.Bb2 O-O 11.Rad1 Qc7 12.Ne5 Rfd8 13.f4 Nf8 14.Qe2 c5 15.cxd5 cxd4 16.exd4 Nxd5
17.Nxd5 Bxd5 18.f5 f6 19.Rc1 Qb7 20.Ng4 b5 21.fxe6 Bxe6 22.Be4 Bd5 23.Bxd5+ Rxd5
24.Ne3 Rd7 25.Nf5 Bd8 26.Ba3 Bb6 27.Bc5 Rad8 28.b4 Kh8 29.Rc2 Bc7 30.Qe1 Qd5
31.Re2 Qf7 32.g3 Bb8 33.a3 Bc7 34.Re3 h6 35.Qe2 Kh7 36.Re1 Qg6 37.Qf3 Bb8
38.Kg2 Bc7 39.Ne7 Qf7 40.Nf5 Qg6 41.Re4 Qf7 42.Nxg7 Kxg7 43.Re7 Ng6 44.Rxf7+ Rxf7
45.Qc6 f5 46.Re6 Nf8 47.Rxh6 f4 48.Bxf8+ Kxf8 49.Rh8+ Kg7 50.Qh6+  1-0

[Event "zt 3.3 w"]
[Site "Ho Chi Minh City VIE"]
[Date "2009.07.25"]
[Round "4"]
[White "Nguyen Thi Mai Hung"]
[Black "Lkhamsuren,U"]
[Result "1-0"]
[WhiteElo "2219"]
[BlackElo "2144"]

1.d4 d5 2.c4 c6 3.Nc3 Nf6 4.Nf3 e6 5.e3 Nbd7 6.Bd3 dxc4 7.Bxc4 b5 8.Bd3 Bb7
9.e4 b4 10.Na4 c5 11.e5 Nd5 12.Nxc5 Nxc5 13.dxc5 Bxc5 14.Bb5+ Ke7 15.O-O Qb6
16.Qe2 h6 17.Bd2 Rhd8 18.Rad1 a6 19.Bc4 Rd7 20.Ne1 Qc6 21.Qg4 Kf8 22.Nd3 f5
23.exf6 Nxf6 24.Qg6 Rd4 25.Ne5 Qc7 26.Bxh6 Qe7 27.Be3 Be4 28.Bxd4 Bxd4 29.Rxd4  1-0

[Event "ch-AUT"]
[Site "Jenbach AUT"]
[Date "2009.07.25"]
[Round "1"]
[White "Kranewitter,N"]
[Black "Dietmayer Kraeutler,M"]
[Result "1-0"]
[WhiteElo "2076"]
[BlackElo "2276"]

1.Nf3 d5 2.d4 Nf6 3.c4 e6 4.Nc3 c6 5.e3 Nbd7 6.Bd3 dxc4 7.Bxc4 b5 8.Bd3 Bb7
9.Qc2 a6 10.Ne4 Qb6 11.O-O Nxe4 12.Bxe4 Nf6 13.Bd3 c5 14.Qe2 cxd4 15.exd4 Bd6
16.Be3 Nd5 17.Rac1 O-O 18.Ng5 h6 19.Ne4 Rad8 20.Qh5 Nf4 21.Qd1 Bb8 22.Qd2 f5
23.d5 Rxd5 24.Bxb6 Rxd3 25.Qb4 Bxe4 26.Rfe1 Nxg2 27.Rxe4 fxe4 28.Kxg2 Bf4
29.Qxe4 Rd2 30.Qxe6+ Kh8 31.Rc8  1-0

[Event "ch-AUT"]
[Site "Jenbach AUT"]
[Date "2009.07.25"]
[Round "1"]
[White "Pirchner,H"]
[Black "Froewis,G"]
[Result "0-1"]
[WhiteElo "2007"]
[BlackElo "2220"]

1.d4 d5 2.c4 e6 3.Nc3 c6 4.e3 Nf6 5.Nf3 Nbd7 6.Bd3 dxc4 7.Bxc4 b5 8.Bd3 a6
9.Qe2 c5 10.O-O Bb7 11.Rd1 Qb6 12.a4 c4 13.Bb1 Be7 14.e4 h6 15.d5 Bc5 16.dxe6 fxe6
17.Nh4 O-O-O 18.axb5 axb5 19.Ng6 Rhe8 20.b3 Nf8 21.e5 Qc6 22.Rxd8+ Rxd8 23.Nf4 Bd4
24.Bb2 Bxc3 25.Bxc3 cxb3 26.Be1 Nd5 27.Nxd5 Qxd5 28.f3 Qd4+  0-1

[Event "Czech Open A"]
[Site "Pardubice CZE"]
[Date "2009.07.25"]
[Round "2"]
[White "Lorscheid,G"]
[Black "Hoegy,K"]
[Result "1-0"]
[WhiteElo "2345"]
[BlackElo "2167"]

1.d4 d5 2.c4 c6 3.Nc3 Nf6 4.e3 e6 5.Nf3 Nbd7 6.Bd3 dxc4 7.Bxc4 b5 8.Bd3 a6
9.e4 c5 10.d5 c4 11.Bc2 Qc7 12.O-O Bc5 13.Bg5 e5 14.Kh1 h6 15.Bd2 g5 16.b4 Bd6
17.a4 Rb8 18.axb5 axb5 19.Qb1 Nf8 20.Ra5 Bd7 21.Qb2 Ng6 22.Ne2 O-O 23.Rfa1 Nh5
24.Bc3 f6 25.Qc1 Ngf4 26.Qe3 Rb7 27.Ra6 Nxe2 28.Qxe2 Nf4 29.Qe3 Rfb8 30.g3 Ng6
31.h4 Rb6 32.Kg2 Kf7 33.h5 Ne7 34.Bd1 Rxa6 35.Rxa6 Nc8 36.Nh2 Qb7 37.Ra3 Kg7
38.Bg4 Be8 39.Qf3 Nb6 40.Be6 Na4 41.Ng4 Qe7 42.Ne3 Kh7 43.Nf5 Qf8 44.Nxd6 Qxd6
45.Qxf6 Nxc3 46.Bf5+  1-0

[Event "ch-Euro Senior"]
[Site "Rogaska Slatina SLO"]
[Date "2009.07.25"]
[Round "4"]
[White "Ziltener,W"]
[Black "Nikolic,Stank"]
[Result "1-0"]
[WhiteElo "2120"]
[BlackElo "1922"]

1.d4 d5 2.Nf3 Nf6 3.c4 e6 4.Nc3 c6 5.e3 Nbd7 6.Qc2 Bd6 7.Bd3 O-O 8.O-O b6
9.e4 dxe4 10.Nxe4 Be7 11.Bf4 Bb7 12.Nd6 Bxd6 13.Bxd6 Re8 14.c5 h6 15.Rfd1 Nd5
16.a3 N7f6 17.h3 a5 18.Qe2 a4 19.Rac1 b5 20.Nd2 Nd7 21.Re1 N5f6 22.Rcd1 Qa5
23.Be5 Ba6 24.Bxf6 Nxf6 25.Ne4 Nd5 26.Nd6 Re7 27.Qe4 f5 28.Qh4 Qd8 29.Re5 Qf8
30.Rde1 g6 31.Qg3 Qf6 32.Bb1 Rf8 33.Ba2 h5 34.Bxd5 cxd5 35.Qe3 f4 36.Qe2 f3
37.Qe3 fxg2 38.Rg5 Rg7 39.Qxe6+ Qxe6 40.Rxe6  1-0

[Event "Continental ch-Americas"]
[Site "Sao Paulo BRA"]
[Date "2009.07.25"]
[Round "1"]
[White "Molina,Rob"]
[Black "Brandao,R"]
[Result "1-0"]
[WhiteElo "2371"]
[BlackElo "1995"]

1.d4 d5 2.c4 c6 3.e3 e6 4.Nf3 Nf6 5.Nc3 Nbd7 6.Qc2 Bd6 7.Bd3 dxc4 8.Bxc4 b5
9.Be2 Bb7 10.O-O O-O 11.e4 e5 12.a3 h6 13.Rd1 Qc7 14.dxe5 Nxe5 15.Nd4 Bc5
16.b3 Rad8 17.Be3 Qb6 18.Nf5 Bxe3 19.Nxe3 Ng6 20.g3 a6 21.Rxd8 Rxd8 22.Rd1 Bc8
23.Kg2 Rd4 24.Rxd4 Qxd4 25.Qd1 c5 26.Nc2 Qxd1 27.Bxd1 Ne5 28.Be2 Be6 29.f4 Nc6
30.e5 Nd5 31.Nxd5 Bxd5+ 32.Bf3 Bxf3+ 33.Kxf3 Na5 34.Ke4 Nxb3 35.Kd5 Kf8 36.Ne3 c4
37.Kc6 Nd4+  1-0

[Event "Continental ch-Americas"]
[Site "Sao Paulo BRA"]
[Date "2009.07.25"]
[Round "1"]
[White "Bhat,V"]
[Black "Silva,Ser"]
[Result "1-0"]
[WhiteElo "2473"]
[BlackElo "2072"]

1.d4 d5 2.c4 c6 3.Nc3 Nf6 4.e3 e6 5.Nf3 Bd6 6.Bd3 Nbd7 7.O-O Qe7 8.e4 dxc4
9.Bxc4 e5 10.Bb3 O-O 11.Re1 Bc7 12.Bg5 Re8 13.Rc1 a6 14.h3 h6 15.Bh4 Bb6
16.Kh1 Qd6 17.dxe5 Qxd1 18.Rcxd1 Nxe5 19.Nxe5 Rxe5 20.f4 Re8 21.e5 Nh7 22.Ne4 Bc7
23.Nd6 Bxd6 24.exd6 Rxe1+ 25.Rxe1 Bd7 26.Re7 Nf8 27.Rxf7 Be6 28.Rxf8+  1-0

[Event "Najdorf Mem Open"]
[Site "Warsaw POL"]
[Date "2009.07.25"]
[Round "8"]
[White "Nguyen,P"]
[Black "Czarnota,D"]
[Result "1-0"]
[WhiteElo "2368"]
[BlackElo "2208"]

1.d4 d5 2.c4 c6 3.Nc3 Nf6 4.e3 e6 5.Nf3 Nbd7 6.Qc2 Bd6 7.g4 h6 8.Bd2 Nxg4
9.Rg1 Nxh2 10.Nxh2 Bxh2 11.Rxg7 Qf6 12.Rg2 Bd6 13.O-O-O dxc4 14.e4 Bb4 15.e5 Qe7
16.Ne4 b5 17.Bxb4 Qxb4 18.Nd6+ Ke7 19.a3 Qb3 20.Qxb3 cxb3 21.Rg7 Rf8 22.Bg2 a6
23.Bxc6 Ra7 24.Rxf7+ Kd8 25.Nxc8 Rxf7 26.Nxa7 Nb8 27.Be4 Rxa7 28.Kd2 Rf7
29.Ke3 Rf8 30.Rh1 Rh8 31.f4 Nd7 32.d5 Nb6 33.dxe6 Ke7 34.f5 Nc4+ 35.Kf4 Nxb2
36.Rb1 Nc4 37.Bd5 b2 38.f6+ Kd8 39.Bxc4 bxc4 40.Rxb2 Rh7 41.e7+  1-0

[Event "Politiken Cup"]
[Site "Helsingor DEN"]
[Date "2009.07.26"]
[Round "10"]
[White "Matthiesen,M"]
[Black "Nielsen,Ni"]
[Result "1-0"]
[WhiteElo "2305"]
[BlackElo "2145"]

1.d4 Nf6 2.c4 e6 3.Nf3 d5 4.Nc3 c6 5.e3 Nbd7 6.Qc2 Bd6 7.b3 O-O 8.Be2 e5
9.cxd5 cxd5 10.dxe5 Nxe5 11.O-O Nxf3+ 12.Bxf3 Bg4 13.Bxg4 Nxg4 14.h3 Nf6
15.Bb2 Rc8 16.Qf5 Re8 17.Nb5 Bb8 18.Rad1 Rc6 19.Bxf6 Rxf6 20.Qxd5 Qb6 21.Qd7 Rf8
22.Rd5 g6 23.Nd4 a6 24.Rc1 Kg7 25.Nf3 Bg3 26.Qa4 Qe6 27.Qd4 Bb8 28.Ng5 Qb6
29.Qxb6 Rxb6 30.Rd7 h6 31.Ne4 a5 32.Nc5  1-0

[Event "Politiken Cup"]
[Site "Helsingor DEN"]
[Date "2009.07.26"]
[Round "10"]
[White "Eriksson,Mag2"]
[Black "Skovgaard,Pe2"]
[Result "0-1"]
[WhiteElo "2160"]
[BlackElo "2258"]

1.d4 Nf6 2.c4 e6 3.Nf3 d5 4.Nc3 c6 5.e3 Nbd7 6.Qc2 Bd6 7.g4 h6 8.Rg1 e5 9.g5 hxg5
10.cxd5 cxd5 11.Nxg5 e4 12.Bd2 Nb6 13.Nb5 Bb8 14.Rc1 Ng4 15.Nxe4 dxe4 16.Qxe4+ Kf8
17.Rxg4 Bxg4 18.Qxg4 Bxh2 19.Bb4+ Kg8 20.Rc5 a6 21.Rg5 Qf6 22.Nc3 Re8 23.a4 g6
24.a5 Bf4 25.Rc5 Rh4 26.Qf3 Bxe3 27.Qxf6 Bxd4+ 28.Kd2 Bxf6 29.Ba3 Na4 30.Nxa4 Rxa4
31.Rc7 Rf4 32.Bc5 Bxb2 33.Be3 Be5 34.Rxb7 Rf6 35.Bc4 Bf4 36.Ra7 Bxe3+ 37.fxe3 Re5  0-1

[Event "zt 3.3"]
[Site "Ho Chi Minh City VIE"]
[Date "2009.07.26"]
[Round "6"]
[White "Dao Thien Hai"]
[Black "Nguyen Huynh Minh Huy"]
[Result "0-1"]
[WhiteElo "2552"]
[BlackElo "2500"]

1.d4 d5 2.c4 c6 3.Nf3 Nf6 4.Nc3 e6 5.e3 Nbd7 6.Qc2 Bd6 7.g4 h6 8.Rg1 Qe7
9.h4 dxc4 10.Bxc4 Nb6 11.Be2 e5 12.g5 hxg5 13.hxg5 Nfd5 14.dxe5 Bxe5 15.Bd2 Bc7
16.Nxd5 Nxd5 17.O-O-O Bd7 18.Bc4 Nb6 19.Bb3 O-O-O 20.Bc3 Rh3 21.Nd2 f6 22.gxf6 gxf6
23.Ne4 Rf3 24.Bd4 Bf5 25.Bc5 Qxe4 26.Qxe4 Bxe4 27.Be6+ Nd7 28.Be7 Bf5 29.Bxd7+ Bxd7
30.Bxd8 Bxd8 31.Rg7 Be6 32.b3 Bd5 33.Rh1 Rxe3 34.Rhh7 Re1+ 35.Kb2 Rh1 36.Rxb7 Rxh7
37.Rxh7 Bb6 38.f4 Be3 39.Kc3 Bxf4 40.Rxa7 Bc7 41.Ra8+ Bb8  0-1

[Event "Czech Open A"]
[Site "Pardubice CZE"]
[Date "2009.07.26"]
[Round "3"]
[White "Ageichenko,G"]
[Black "Olsarova,K"]
[Result "1-0"]
[WhiteElo "2375"]
[BlackElo "2151"]

1.d4 d5 2.c4 c6 3.Nf3 Nf6 4.e3 e6 5.Nc3 Nbd7 6.Qc2 Bd6 7.Be2 O-O 8.O-O dxc4
9.Bxc4 e5 10.h3 Qe7 11.a3 e4 12.Ng5 Nb6 13.Ba2 Bf5 14.f3 Rae8 15.fxe4 Bg6
16.Qf2 Nh5 17.e5 Qxg5 18.exd6 Qg3 19.e4 Qxf2+ 20.Rxf2 Bxe4 21.Bg5 Nf6 22.Bxf6 gxf6
23.Rxf6 Nd5 24.Nxe4 Rxe4 25.Bxd5 cxd5 26.Rc1 Rxd4 27.Rc7 Kg7 28.Rf2 Rc4 29.Rxb7 Rc6
30.Rxa7 Rxd6 31.Kf1 Kg6 32.Ra4 d4 33.Rd2 d3 34.Re4 Rc8 35.Kf2 f5 36.Re1 Kg5
37.Kf3 Rc4 38.g3 Rb6 39.h4+ Kf6 40.b4 Rc3 41.Ra1 Rb3 42.Raa2 Ra6 43.Ke3 Rd6
44.Rab2 Rxa3 45.b5 Ra7 46.Rxd3 Re6+ 47.Kd2 Rb6 48.Kc3 Rc7+ 49.Kd4 Rd7+ 50.Ke3 Re7+
51.Kf3 Re5 52.Rdb3 Kg6 53.Rb4 Kf6 54.Kf4 Rc5 55.R2b3 Rd5 56.Ke3 Re6+ 57.Kf3 Rb6
58.Ke2 Re6+ 59.Kf3 Rb6 60.g4 fxg4+ 61.Kxg4 h5+ 62.Kf4 Re5 63.Rb2 Rc5 64.Ke4 Ke6
65.Kd4 Rd5+ 66.Kc4 Re5 67.Rg2 Kf6 68.Rg8 Rb7 69.Rc8 Rg7 70.Rc6+ Kf5 71.b6 Rg4+
72.Kb3 Re3+ 73.Rc3 Re1 74.Ka4 Rb1 75.Rb3 Ra1+ 76.Kb5 Rg7 77.Rc3 Ra8 78.Rc7 Rgg8
79.b7 Rab8 80.Ka6 Rbd8 81.Rbc4  1-0

[Event "XXXV d'Esca Open"]
[Site "Sitges ESP"]
[Date "2009.07.26"]
[Round "5"]
[White "Cruz,F"]
[Black "Arun Prasad,S"]
[Result "0-1"]
[WhiteElo "2415"]
[BlackElo "2556"]

1.c4 c6 2.d4 d5 3.Nf3 Nf6 4.Nc3 e6 5.e3 Nbd7 6.Bd3 dxc4 7.Bxc4 b5 8.Bd3 Bd6
9.e4 e5 10.O-O O-O 11.Ne2 c5 12.d5 c4 13.Bc2 Nc5 14.Ng3 Ne8 15.h3 a5 16.Be3 Qe7
17.Re1 g6 18.Qd2 a4 19.Nh2 a3 20.Reb1 axb2 21.Rxb2 Bd7 22.Re1 Ra3 23.Bh6 Ng7
24.Re3 Rfa8 25.Rxa3 Rxa3 26.Qc1 Na6 27.Bb1 Bc5 28.Kh1 Ne8 29.Nhf1 Nb4 30.Rd2 Na6
31.Be3 c3 32.Rd1 Bd6 33.Nh2 b4 34.Re1 Nc5 35.Qd1 Ng7 36.Bc1 Ra8 37.Ng4 h5
38.Ne3 Bb5 39.Ngf1 Qa7 40.Nh2 Qa4 41.Qf3 Bd3 42.Neg4 hxg4 43.Nxg4 Bxb1 44.Nf6+ Kf8
45.Bh6 Nd7 46.Rxb1 Be7 47.Ng4 Qxa2 48.Rc1 Ra6 49.Qe3 c2 50.f4 b3 51.Kh2 Qb2
52.Qd3 Ra8 53.f5 gxf5 54.d6 fxg4 55.dxe7+ Ke8 56.Qd5 g3+ 57.Kxg3 Rc8 58.Bg5 Ne6  0-1

[Event "MTO"]
[Site "Biel SUI"]
[Date "2009.07.27"]
[Round "7"]
[White "Roiz,M"]
[Black "Grachev,B"]
[Result "1/2-1/2"]
[WhiteElo "2658"]
[BlackElo "2669"]

1.c4 c6 2.Nf3 d5 3.d4 Nf6 4.Nc3 e6 5.e3 Nbd7 6.Qc2 Bd6 7.Bd3 dxc4 8.Bxc4 b5
9.Be2 Bb7 10.O-O O-O 11.Rd1 Qb8 12.e4 e5 13.dxe5 Nxe5 14.Nd4 Ned7 15.g3 g6
16.Bf3 a6 17.Nb3 a5 18.Bg5 a4 19.Nd4  1/2-1/2

[Event "zt 3.3"]
[Site "Ho Chi Minh City VIE"]
[Date "2009.07.27"]
[Round "7"]
[White "Dao Thien Hai"]
[Black "Nguyen Hoang Nam1"]
[Result "1/2-1/2"]
[WhiteElo "2552"]
[BlackElo "2320"]

1.d4 d5 2.c4 c6 3.Nf3 Nf6 4.Nc3 e6 5.e3 Nbd7 6.Qc2 Bd6 7.g4 dxc4 8.g5 Nd5
9.Bxc4 e5 10.Bd2 exd4 11.Nxd4 Ne5 12.Be2 Nb4 13.Qe4 O-O 14.a3 Na6 15.O-O-O Qe7
16.Qc2 Nc5 17.Rhg1 b5 18.b4 Na6 19.Ne4 Kh8 20.Nxd6 Qxd6 21.Bc3 Qe7 22.Nf5 Bxf5
23.Qxf5 Rfe8 24.Rd4 Qc7 25.Rgd1 Re7 26.Rd6 Ng6 27.Rd7 Qc8 28.Bg4 Qf8 29.h4 c5
30.Kb2 Nxh4 31.Qf4 Ng6 32.Qh2 Rxd7 33.Rxd7 cxb4 34.axb4 Rd8 35.Rxd8 Qxd8
36.f4 Qd6 37.Qd2 Qxd2+ 38.Bxd2 Ne7 39.Bd7 Nd5 40.Bxb5 Naxb4 41.e4 Nc7 42.Bc4 Nba6
43.Bxf7 Nc5 44.e5 N7e6 45.Kc2 g6 46.Be3 Kg7 47.Be8 Kf8 48.Bc6 Ke7 49.Kc3 Nd7
50.Kd3 Ndc5+ 51.Kc4 Nd7 52.Be4 Nb6+ 53.Kb5 Ng7 54.Kc6 Ne6 55.Kb5 Ng7 56.Bg2 Ne6
57.Bf3 Nc7+ 58.Kc6 Ne6 59.Bg4 Nd8+ 60.Kb5 Nd5 61.Bxa7 Nxf4 62.Kc4 Nfe6 63.Be3 Nf7
64.Bxe6 Kxe6 65.Kd4 Kf5 66.e6 Kxe6 67.Ke4 Nd6+ 68.Kf4 Kd5 69.Bf2 Nc4 70.Bg1 Ne5
71.Ke3 Nc6 72.Kf4 Nd4 73.Be3 Ne6+ 74.Kf3 Ke5 75.Kg4 Ke4 76.Bd2 Nd4 77.Bc1 Nc6
78.Bd2 Ne5+ 79.Kg3 Kf5 80.Be3 Nf7 81.Kh4 Ne5 82.Kg3 Nf7 83.Kh4 Ne5 84.Bc1 Nd3
85.Bd2 Nc5 86.Bb4 Ne4 87.Ba3 Nc3 88.Bc1 Ne2 89.Bd2 Nd4 90.Bb4 Kf4 91.Bd2+ Kf5
92.Kg3 Ne2+ 93.Kf3 Nd4+ 94.Kg3  1/2-1/2

[Event "ch-AUT"]
[Site "Jenbach AUT"]
[Date "2009.07.27"]
[Round "3"]
[White "Hoelzl,F"]
[Black "Ragger,M"]
[Result "1/2-1/2"]
[WhiteElo "2358"]
[BlackElo "2563"]

1.d4 d5 2.c4 e6 3.Nf3 Nf6 4.Nc3 c6 5.e3 a6 6.c5 b6 7.cxb6 Nbd7 8.Bd2 Nxb6
9.Rc1 Bb7 10.Na4 Nxa4 11.Qxa4 Bd6 12.Bb4 O-O 13.Bd3 a5 14.Bxd6 Qxd6 15.O-O Nd7
16.Rc3 Rfc8 17.Rfc1 h6 18.h3 Qb4 19.Qc2 Qb6 20.e4 c5 21.dxc5 Nxc5 22.Rxc5 Rxc5
23.Qxc5 Qxc5 24.Rxc5 dxe4 25.Bxe4 Bxe4 26.Nd2 Bd5 27.a4 Rb8 28.b3 Bxb3 29.Nxb3 Rxb3
30.Rxa5 Rb1+ 31.Kh2  1/2-1/2

[Event "ch-AUT"]
[Site "Jenbach AUT"]
[Date "2009.07.27"]
[Round "3"]
[White "Kranewitter,N"]
[Black "Schachinger,M"]
[Result "0-1"]
[WhiteElo "2076"]
[BlackElo "2351"]

1.Nf3 d5 2.d4 Nf6 3.c4 e6 4.Nc3 c6 5.e3 Nbd7 6.Bd3 dxc4 7.Bxc4 b5 8.Bd3 Bb7
9.a3 Bd6 10.O-O O-O 11.Qc2 a6 12.e4 e5 13.Bg5 h6 14.Bh4 exd4 15.Nxd4 Qc7
16.Bg3 Bxg3 17.hxg3 c5 18.Nf5 Rfe8 19.Rfe1 c4 20.Bf1 Nc5 21.f3 g6 22.Nxh6+ Kg7
23.Qd2 Qxg3 24.Ng4 Nxg4 25.fxg4 Rad8 26.Qg5 Qe5 27.Qxe5+ Rxe5 28.a4 Rd2 29.axb5 axb5
30.Nxb5 Nb3 31.Ra7 Rxb5 32.Bxc4 Rb4 33.Bf1 Bxe4  0-1

[Event "III Deportiva San Juan Open"]
[Site "Pamplona ESP"]
[Date "2009.07.27"]
[Round "1"]
[White "Tirado Parra,A"]
[Black "Rusev,K"]
[Result "0-1"]
[WhiteElo "1950"]
[BlackElo "2543"]

1.d4 d5 2.c4 c6 3.Nc3 Nf6 4.e3 e6 5.Nf3 Nbd7 6.Bd3 dxc4 7.Bxc4 b5 8.Bd3 a6
9.O-O c5 10.e4 cxd4 11.Nxd4 Bb7 12.Nb3 b4 13.Na4 Nxe4 14.Re1 Nec5 15.Naxc5 Nxc5
16.Nxc5 Bxc5 17.Rxe6+ fxe6 18.Qh5+ g6 19.Bxg6+ hxg6 20.Qxh8+ Kd7 21.Qe5 Bd5
22.Bf4 Rc8 23.Rc1 Qf8  0-1

[Event "Tchibo Open B"]
[Site "Pardubice CZE"]
[Date "2009.07.27"]
[Round "4"]
[White "Trenner,R"]
[Black "Semenova,E"]
[Result "1-0"]
[WhiteElo "2251"]
[BlackElo "2115"]

1.d4 d5 2.c4 c6 3.e3 Nf6 4.Nc3 e6 5.Nf3 Be7 6.Ne5 Nbd7 7.f4 Ne4 8.Nxe4 dxe4
9.Bd2 c5 10.Qc2 f5 11.Bc3 O-O 12.O-O-O Nxe5 13.dxe5 Qe8 14.g4 a6 15.Rg1 Rb8
16.a4 Bd7 17.gxf5 Rxf5 18.a5 b5 19.axb6 Rxb6 20.Qxe4 Bc6 21.Qd3 Qa8 22.Bh3 Be4
23.Qd7 Bf8 24.Rd6 Rb7 25.Qxe6+ Rff7 26.Rd2 Rb3 27.Rd7  1-0